KOHA-Header-6

Business Forcasting (Record no. 8488)

000 -LEADER
fixed length control field 00251nam a2200109Ia 4500
100 ## - MAIN ENTRY--AUTHOR NAME
Personal name John E. Hanke
245 #0 - TITLE STATEMENT
Title Business Forcasting
260 ## - PUBLICATION, DISTRIBUTION, ETC. (IMPRINT)
Place of publication London
Name of publisher Addison
Year of publication 1999
300 ## - PHYSICAL DESCRIPTION
Number of Pages 787
942 ## - ADDED ENTRY ELEMENTS (KOHA)
Koha item type Books
Holdings
Withdrawn status Lost status Collection code Permanent Location Current Location Shelving location Date acquired Full call number Accession Number Koha item type
    Business MAJU MAJU   2019-09-14 658.2 3226 Business

Powered by Koha